Countries Bordering a 'Guinea' Country - Statistics

General Stats
  • This quiz has been taken 70 times
  • The average score is 8 of 9
Answer Stats
Hint Answer % Correct
Papua New Guinea Indonesia
97%
Guinea Senegal
95%
Guinea-Bissau Senegal
95%
Equatorial Guinea Cameroon
94%
Equatorial Guinea Gabon
94%
Guinea Liberia
94%
Guinea Mali
91%
Guinea Sierra Leone
91%
Guinea Ivory Coast
70%
No matching quizzes found
Score Distribution
Percent of People with Each Score
Percentile by Number Answered
Your Score History
You have not taken this quiz